Curso sistemático de gramática de la lengua alemana ; Morfología. /
Guardado en:
| Autor Corporativo: | |
|---|---|
| Formato: | Libro |
| Idioma: | English German Spanish |
| Publicado: |
Bahía Blanca :
Cooperadora de estudiantes del Instituto Tecnológico del Sur,
1951.
|
| Edición: | 2a ed. |
| Materias: | |
| Etiquetas: |
Agregar Etiqueta
Sin Etiquetas, Sea el primero en etiquetar este registro!
|
| LEADER | 00624nam a22001691 4500 | ||
|---|---|---|---|
| 001 | MAT.inmabb007092 | ||
| 008 | 180301s1951####ag#######d####000#0#eng## | ||
| 005 | 20180301144214.0 | ||
| 245 | 1 | 0 | |a Curso sistemático de gramática de la lengua alemana ; |b Morfología. / |c Guillermo Thiele. |
| 250 | |a 2a ed. | ||
| 260 | |a Bahía Blanca : |b Cooperadora de estudiantes del Instituto Tecnológico del Sur, |c 1951. | ||
| 300 | |a 269 p. + (1 lámina plegable) ; |c 22 cm. | ||
| 510 | 4 | |a MR, |c *REVIEW #* | |
| 110 | 2 | |a Thiele, Guillermo. | |
| 650 | 0 | |a Gramática |x Alemana |x Morfología. | |
| 041 | 0 | |a ger |a spa | |
| 859 | |h IDIOMAS |i T431-2 |p A-360 |b BIB. MATEMATICA | ||
